Fundamentals of futures and options markets / (Record no. 21254)
[ view plain ]
| 000 -LEADER | |
|---|---|
| fixed length control field | 01001cam a22003015a 4500 |
| 001 - CONTROL NUMBER | |
| control field | 016604599 |
| 003 - CONTROL NUMBER IDENTIFIER | |
| control field | OSt |
| 005 - DATE AND TIME OF LATEST TRANSACTION | |
| control field | 20190211111053.0 |
| 008 - FIXED-LENGTH DATA ELEMENTS--GENERAL INFORMATION | |
| fixed length control field | 131206t2014 enka frbd 001 0 eng d |
| 020 ## - INTERNATIONAL STANDARD BOOK NUMBER | |
| International Standard Book Number | 9781292041902 (pbk.) |
| 040 ## - CATALOGING SOURCE | |
| Original cataloging agency | StDuBDS |
| Language of cataloging | eng |
| Transcribing agency | StDuBDS |
| Modifying agency | Uk |
| -- | EG-ScBUE |
| 082 04 - DEWEY DECIMAL CLASSIFICATION NUMBER | |
| Classification number | 332.6452 |
| Edition number | 22 |
| Item number | HUL |
| 100 1# - MAIN ENTRY--PERSONAL NAME | |
| Personal name | Hull, John, |
| Dates associated with a name | 1946- |
| 9 (RLIN) | 39444 |
| 245 10 - TITLE STATEMENT | |
| Title | Fundamentals of futures and options markets / |
| Statement of responsibility, etc | John C. Hull. |
| 250 ## - EDITION STATEMENT | |
| Edition statement | 8th ed., Pearson new international ed. |
| 260 ## - PUBLICATION, DISTRIBUTION, ETC. (IMPRINT) | |
| Place of publication, distribution, etc | Harlow : |
| Name of publisher, distributor, etc | Pearson Education Limited, |
| Date of publication, distribution, etc | c.2014. |
| 300 ## - PHYSICAL DESCRIPTION | |
| Extent | ii, 580 p. : |
| Other physical details | ill. (black and white) ; |
| Dimensions | 28 cm. |
| 490 0# - Series Statement | |
| Series statement | Pearson custom library. |
| 500 ## - GENERAL NOTE | |
| General note | Index : p. 573-579. |
| 500 ## - GENERAL NOTE | |
| General note | Glossary : p. 546-583. |
| 500 ## - GENERAL NOTE | |
| General note | Previous edition : 2011. |
| 504 ## - BIBLIOGRAPHY, ETC. NOTE | |
| Bibliography, etc | Includes bibliographical references. |
| 650 #7 - SUBJECT ADDED ENTRY--TOPICAL TERM | |
| Topical term or geographic name as entry element | Futures market. |
| Source of heading or term | BUEsh |
| 9 (RLIN) | 34938 |
| 650 #7 - SUBJECT ADDED ENTRY--TOPICAL TERM | |
| Topical term or geographic name as entry element | Options (Finance) |
| Source of heading or term | BUEsh |
| 9 (RLIN) | 34937 |
| 651 ## - SUBJECT ADDED ENTRY--GEOGRAPHIC NAME | |
| Source of heading or term | BUEsh |
| 653 ## - INDEX TERM--UNCONTROLLED | |
| Resource For college | BAEPS, Business Administration |
| Arrived date list | February2016 |
| Resource For college | BAEPS, Business Administration |
| Arrived date list | February2019 |
| 942 ## - ADDED ENTRY ELEMENTS (KOHA) | |
| Source of classification or shelving scheme | Dewey Decimal Classification |
| Withdrawn status | Item status | Source of classification or shelving scheme | Damaged status | Not for loan | Vendor | Home library | Current library | Shelving location | Date acquired | Source of acquisition | Cost, normal purchase price | Serial Enumeration / chronology | Total Checkouts | Total Renewals | Full call number | Barcode | Date last seen | Date last borrowed | Cost, replacement price | Koha item type |
|---|---|---|---|---|---|---|---|---|---|---|---|---|---|---|---|---|---|---|---|---|
| Dewey Decimal Classification | Academic Bookshop | Central Library | Central Library | First floor | 25/02/2016 | Purchase | 275.00 | 4874 | 3 | 8 | 332.6452 HUL | 000031736 | 15/07/2025 | 09/02/2020 | 343.75 | Book - Borrowing | ||||
| Dewey Decimal Classification | Central Library | Central Library | First floor | 11/02/2019 | Donation | 1 | 2 | 332.6452 HUL | 000044209 | 15/07/2025 | 09/02/2020 | Book - Borrowing |